Trouvez les Pays Inventés - Quiz Tuiles - Statistiques

Statistiques générales
  • Ce quiz a été pris 725 fois
    635 depuis la dernière actualisation
  • Le résultat moyen est 118 sur 125
Statistiques - réponses
Question Tuile Select % Correct
Les cinq pays inventés Afrique du Sud Non
100%
Les cinq pays inventés Arabie Saoudite Non
100%
Les cinq pays inventés Australie Non
100%
Les cinq pays inventés Brésil Non
100%
Les cinq pays inventés Canada Non
100%
Les cinq pays inventés Espagne Non
100%
Les cinq pays inventés France Non
100%
Les cinq pays inventés Géorgie Non
100%
Les cinq pays inventés Grèce Non
100%
Les cinq pays inventés Italie Non
100%
Les cinq pays inventés Japon Non
100%
Les cinq pays inventés Madagascar Non
100%
Les cinq pays inventés Maroc Non
100%
Les cinq pays inventés Mexique Non
100%
Les cinq pays inventés Royaume-Uni Non
100%
Les cinq pays inventés Russie Non
100%
Les cinq pays inventés Soudan Non
100%
Les cinq pays inventés Tunisie Non
100%
Les cinq pays inventés Andorre Non
99%
Les cinq pays inventés Congo Non
99%
Les cinq pays inventés Ginalsain Oui
99%
Les cinq pays inventés Salem-Bornou Oui
99%
Les cinq pays inventés Alicane Oui
98%
Les cinq pays inventés Malstase Oui
98%
Les cinq pays inventés Ramélie Oui
98%
Les trois pays inventés Albanie Non
97%
Les quatre pays inventés Allemagne Non
97%
Les quatre pays inventés Argentine Non
97%
Les trois pays inventés Arménie Non
97%
Les trois pays inventés Belgique Non
97%
Les trois pays inventés Bolivie Non
97%
Les trois pays inventés Cambodge Non
97%
Les quatre pays inventés Chili Non
97%
Les quatre pays inventés Chine Non
97%
Les quatre pays inventés Colombie Non
97%
Les quatre pays inventés Corée du Nord Non
97%
Les quatre pays inventés Corée du Sud Non
97%
Les trois pays inventés Danemark Non
97%
Les quatre pays inventés Ghana Non
97%
Les quatre pays inventés Guatemala Non
97%
Les trois pays inventés Hongrie Non
97%
Les quatre pays inventés Inde Non
97%
Les quatre pays inventés Indonésie Non
97%
Les trois pays inventés Kosovo Non
97%
Les trois pays inventés Luxembourg Non
97%
Les quatre pays inventés Népal Non
97%
Les trois pays inventés Nouvelle-Zélande Non
97%
Les trois pays inventés Pays-Bas Non
97%
Les quatre pays inventés Portugal Non
97%
Les trois pays inventés Serbie Non
97%
Les quatre pays inventés Sri Lanka Non
97%
Les quatre pays inventés Tanzanie Non
97%
Les quatre pays inventés Venezuela Non
97%
Les quatre pays inventés Westeros Oui
97%
Les deux pays inventés Angola Non
96%
Les deux pays inventés Bénin Non
96%
Les deux pays inventés Botswana Non
96%
Les quatre pays inventés Comores Non
96%
Les trois pays inventés Cuba Non
96%
Les deux pays inventés Estonie Non
96%
Les deux pays inventés Guinée Non
96%
Les trois pays inventés Haïti Non
96%
Les deux pays inventés Honduras Non
96%
Les trois pays inventés Laos Non
96%
Les deux pays inventés Lettonie Non
96%
Les deux pays inventés Lituanie Non
96%
Les deux pays inventés Maldives Non
96%
Les quatre pays inventés Mauritanie Non
96%
Les trois pays inventés Mozambique Non
96%
Les deux pays inventés Namibie Non
96%
Les trois pays inventés Pérou Non
96%
Les deux pays inventés Qatar Non
96%
Les trois pays inventés République Démocratique du Congo Non
96%
Les deux pays inventés Salvador Non
96%
Les deux pays inventés Viet Nam Non
96%
Les deux pays inventés Zambie Non
96%
Les deux pays inventés Zimbabwe Non
96%
Les quatre pays inventés Bhoutan Non
95%
Les trois pays inventés Lesotho Non
95%
Les deux pays inventés Togo Non
95%
Les deux pays inventés Barbade Non
94%
Les deux pays inventés Guinée Bissau Non
94%
Les trois pays inventés Malawi Non
94%
Les deux pays inventés Sainte-Lucie Non
94%
Les deux pays inventés Belize Non
93%
Les deux pays inventés Grenade Non
93%
Les quatre pays inventés Wakanda Oui
93%
Les trois pays inventés Amazon Oui
92%
Les quatre pays inventés Burundi Non
92%
Les deux pays inventés Dominique Non
92%
Les trois pays inventés Listenbourg Oui
92%
Les trois pays inventés Panzanie Oui
92%
Les quatre pays inventés Phlippe Oui
92%
Les quatre pays inventés Maurice Non
91%
Les quatre pays inventés Corée de l'Est Oui
90%
Les trois pays inventés Timor-Oriental Non
90%
Les deux pays inventés Dali Oui
89%
Les trois pays inventés Eswatini Non
89%
Les deux pays inventés Palaos Non
89%
Le pays inventé Afghanistan Non
88%
Le pays inventé Biélorussie Non
88%
Le pays inventé Chypre Non
88%
Le pays inventé Fidji Non
88%
Le pays inventé Irak Non
88%
Le pays inventé Iran Non
88%
Le pays inventé Jordanie Non
88%
Le pays inventé Koweit Non
88%
Le pays inventé Norvège Non
88%
Le pays inventé Papouasie-Nouvelle-Guinée Non
88%
Le pays inventé Seychelles Non
88%
Le pays inventé Turquie Non
88%
Le pays inventé Yémen Non
88%
Le pays inventé Bahrein Non
87%
Le pays inventé Îles Marshall Non
87%
Le pays inventé Israël Non
87%
Le pays inventé Oman Non
87%
Le pays inventé Îles Salomon Non
86%
Le pays inventé Tonga Non
86%
Le pays inventé Samoa Non
85%
Le pays inventé Vanuatu Non
84%
Les deux pays inventés Guinée Australe Oui
82%
Le pays inventé Kiribati Non
82%
Le pays inventé Tuvalu Non
82%
Le pays inventé Micronésie Non
81%
Le pays inventé Tongo Oui
58%
Aucun quiz correspondant
Distribution des résultats
% des personnes avec chaque résultat
Percentile par nombre de réponses
Votre historique - résultats
Vous n’avez pas pris ce quiz depuis la dernière actualisation